The mistress of spices (Record no. 175533)

MARC details
000 -LÍDER
campo de controle de tamanho fixo 00350 a2200157 4500
001 - NÚMERO DE CONTROLE
campo de controle 175533
020 ## - ISBN - INTERNATIONAL STANDARD BOOK NUMBER
ISBN - International Standard Book Number 0-333-99968-1
040 ## - FONTE DA CATALOGAÇÃO
Instituição que transcreveu o registro Magnum
100 ## - ENTRADA PRINCIPAL--NOME PESSOAL
Nome pessoal Divakaruni, Chitra Banerjee
240 10 - TÍTULO UNIFORME
Título uniforme The mistress of spices
Idioma da obra ING
245 10 - TÍTULO
Título The mistress of spices
300 ## - DESCRIÇÃO FÍSICA
Extensão 95
362 0# - DATAS DE PUBLICAÇÃO E/OU DESIGNAÇÃO SEQUENCIAL
Datas de publicação e/ou designação sequencial 2003
697 ## - ENTRADA DE ASSUNTO LOCAL--ENTIDADE COLETIVA (RLIN)
Nome corporativo ou nome da jurisdição LITERATURA INGLESA
942 ## - ELEMENTOS DE ENTRADA ADICIONADOS (KOHA)
Tipo de material Koha Livros
Holdings
Situação do descarte Situação das perdas Situação física Não pode ser emprestado Biblioteca de origem Biblioteca atual Data de aquisição Total de empréstimos Número de chamada completo Código de barras Data de último acesso Data do preço efetivo Tipo de material Koha
        Magnum Magnum 08/06/2024   890.1.2 MAG00024184 08/06/2024 08/06/2024 Livros
        Magnum Magnum 08/06/2024   890.1.2 MAG00024185 08/06/2024 08/06/2024 Livros
        Magnum Magnum 08/06/2024   890.1.2 MAG00024186 08/06/2024 08/06/2024 Livros
        Magnum Magnum 08/06/2024   890.1.2 MAG00024187 08/06/2024 08/06/2024 Livros
        Magnum Magnum 08/06/2024   890.1.2 MAG00024188 08/06/2024 08/06/2024 Livros
        Magnum Magnum 08/06/2024   890.1.2 MAG00024189 08/06/2024 08/06/2024 Livros
        Magnum Magnum 08/06/2024   890.1.2 MAG00024190 08/06/2024 08/06/2024 Livros
        Magnum Magnum 08/06/2024   890.1.2 MAG00024191 08/06/2024 08/06/2024 Livros